00832caa a22001692a 4500001000900000003001100009008004300020092001700063100003000080245001100110300001400121500016700135942000900302999001700311773016600328773016800494 015076 AR-FADEU 311216n########xxu####################dd aA860.2bW423 aGutiérrez, Juan María aA mayo aPP. 87-97 aEn: La época de Rosas : M. Sastre, J. B. Alberdi, E. Echeverría : antología / comp. Félix Weinberg. Buenos Aires : Centro Editor de América Latina, 1979 cBDGR c20835d208350 0663094293aWeinberg, Félix, comp.bdBuenos Aireso19tLa época de Rosas : M. Sastre, J. B. Alberdi, E. Echeverría : antologíaw( AR-FADEU) 000790xz0 0663094294aWeinberg, Félix, comp.bdBuenos Aireso8610tLa época de Rosas : M. Sastre, J. B. Alberdi, E. Echeverría : antologíaw( AR-FADEU) 000790xz